[Event "Madrid ch - Previa A"]
[Site "Madrid ESP"]
[Date "2008.11.17"]
[Round "7.8"]
[White "Perez Cameselle, Francisco Jose"]
[Black "Diaz Begonte, Manuel"]
[Result "1-0"]
[WhiteElo "2010"]
[BlackElo "1875"]
[PlyCount "57"]
[EventDate "2008.11.03"]
[EventRounds "9"]
[EventCountry "ESP"]
[Source "lmi"]
[SourceDate "2008.11.03"]

1. Nf3 d5 2. g3 c5 3. c4 d4 4. e3 dxe3 5. fxe3 Nc6 6. d4 Bg4 7. d5 Ne5 8. Be2
Nxf3+ 9. Bxf3 Bh3 10. Nc3 Qd7 11. Ne4 Qc8 12. Nf2 Bd7 13. e4 g6 14. Be3 Bg7 15.
Qd2 h5 16. O-O Nh6 17. Nd3 b6 18. Rae1 Ng4 19. Bxg4 Bxg4 20. Qf2 O-O 21. Qf4
Bh3 22. Rf2 Qg4 23. Qxg4 Bxg4 24. Rc1 Rad8 25. b4 cxb4 26. Nxb4 Rd7 27. Kg2 Rb7
28. Nc6 Rc8 29. h3 1-0

[Event "Madrid ch - Previa A"]
[Site "Madrid ESP"]
[Date "2008.11.17"]
[Round "7.9"]
[White "Lopez Peral, Enrique"]
[Black "Fernandez Aransay, Fernando"]
[Result "0-1"]
[WhiteElo "1895"]
[BlackElo "1958"]
[PlyCount "106"]
[EventDate "2008.11.03"]
[EventRounds "9"]
[EventCountry "ESP"]
[Source "lmi"]
[SourceDate "2008.11.03"]

1. c4 Nf6 2. Nf3 g6 3. g3 Bg7 4. Bg2 O-O 5. Nc3 d6 6. O-O e5 7. d4 Nc6 8. dxe5
dxe5 9. Bg5 h6 10. Qxd8 Rxd8 11. Bxf6 Bxf6 12. Nd5 Bg7 13. Nxc7 Rb8 14. e4 b6
15. Rad1 Nd4 16. Nxd4 exd4 17. Rd3 Rd7 18. Nd5 Ba6 19. Rc1 Rc8 20. b3 Rc5 21.
Bh3 Rd8 22. Nb4 Bb7 23. f3 h5 24. Rcd1 a5 25. Nd5 b5 26. Ne3 bxc4 27. Nxc4 Ba6
28. Rc1 a4 29. Kf2 axb3 30. axb3 Rb8 31. f4 Rb4 32. e5 Bxc4 33. Rxd4 Bd5 34.
Rxc5 Rxd4 35. Rc8+ Kh7 36. Rd8 Rd2+ 37. Ke1 Rxh2 38. Rxd5 Rxh3 39. b4 Rxg3 40.
b5 Rb3 41. Kd2 Bh6 42. Kc2 Rb4 43. Kc3 Rxf4 44. b6 Rf3+ 45. Rd3 Rf1 46. Kc4 Rb1
47. Kc5 Bf4 48. Rd7 Bxe5 49. Rxf7+ Kh6 50. b7 Kg5 51. Kd5 Bf4 52. Ke4 Bb8 53.
Kf3 Rf1+ 0-1

[Event "Madrid ch - Previa A"]
[Site "Madrid ESP"]
[Date "2008.11.17"]
[Round "7.10"]
[White "Ortega Morales, Pedro"]
[Black "Del Castillo Lopez, Rafael"]
[Result "0-1"]
[WhiteElo "1911"]
[BlackElo "1815"]
[PlyCount "100"]
[EventDate "2008.11.03"]
[EventRounds "9"]
[EventCountry "ESP"]
[Source "lmi"]
[SourceDate "2008.11.03"]

1. d4 Nf6 2. Bf4 e6 3. e3 c5 4. c3 cxd4 5. exd4 d5 6. Nf3 Nc6 7. Nbd2 Bd6 8.
Ne5 O-O 9. Bd3 Bxe5 10. dxe5 Ne8 11. h4 f5 12. g4 Ne7 13. h5 Qb6 14. Nb3 Bd7
15. Be3 Qc7 16. f4 b6 17. Nd4 Qb7 18. Qe2 Nc7 19. Rg1 b5 20. Nb3 Na6 21. Nc5
Nxc5 22. Bxc5 Rf7 23. g5 g6 24. hxg6 Nxg6 25. Qf2 a5 26. a3 Rc8 27. Rf1 Nxf4
28. Qxf4 Rxc5 29. Rg1 Rg7 30. Qh4 Be8 31. Kd2 Bg6 32. Qd4 Rgc7 33. Rgc1 Qc8 34.
b4 axb4 35. axb4 Rc4 36. Bxc4 dxc4 37. Ra7 Rxa7 38. Qxa7 Qd8+ 39. Ke2 Qd3+ 40.
Ke1 Qg3+ 41. Qf2 Qxe5+ 42. Qe2 Qg3+ 43. Kd2 Qxg5+ 44. Qe3 Qg2+ 45. Qe2 Qd5+ 46.
Kc2 f4+ 47. Kb2 f3 48. Qf2 Qd3 49. Re1 e5 50. Qh2 Qf5 0-1

[Event "Madrid ch - Previa A"]
[Site "Madrid ESP"]
[Date "2008.11.17"]
[Round "7.13"]
[White "Bascuñana Gonzalez, Sergio"]
[Black "Beekhof Harmsen, Willen"]
[Result "0-1"]
[WhiteElo "1702"]
[BlackElo "1958"]
[PlyCount "66"]
[EventDate "2008.11.03"]
[EventRounds "9"]
[EventCountry "ESP"]
[Source "lmi"]
[SourceDate "2008.11.03"]

1. e4 d6 2. d4 Nf6 3. Nc3 g6 4. Bd3 Bg7 5. Nf3 Bg4 6. h3 Bxf3 7. Qxf3 Nc6 8.
Bb5 Nd7 9. Bc4 O-O 10. Be3 Nxd4 11. Qd1 c5 12. g4 Ne5 13. Be2 Nxe2 14. Qxe2 Qb6
15. Nd5 Qd8 16. h4 e6 17. Nc3 f5 18. gxf5 exf5 19. O-O-O Qa5 20. Qd2 Nf7 21.
exf5 Bxc3 22. bxc3 Qxa2 23. Qe2 Ne5 24. fxg6 hxg6 25. Rdg1 Rf6 26. h5 Raf8 27.
hxg6 Nf3 28. Kd1 Qd5+ 29. Bd4 Nxg1 30. Rh8+ Kxh8 31. Qe7 Qh5+ 32. Kc1 Qh6+ 33.
Kb2 cxd4 0-1

[Event "Madrid ch - Previa A"]
[Site "Madrid ESP"]
[Date "2008.11.17"]
[Round "7.14"]
[White "Baeza Escudero, Javier"]
[Black "Gonzalez Recas, Fernando"]
[Result "1/2-1/2"]
[WhiteElo "1901"]
[BlackElo "1862"]
[PlyCount "110"]
[EventDate "2008.11.03"]
[EventRounds "9"]
[EventCountry "ESP"]
[Source "lmi"]
[SourceDate "2008.11.03"]

1. e4 d6 2. d4 Nf6 3. Nc3 g6 4. f4 Bg7 5. Nf3 c5 6. dxc5 Qa5 7. Bd3 Qxc5 8. Qe2
O-O 9. Be3 Qa5 10. O-O Bg4 11. h3 Bxf3 12. Qxf3 Nc6 13. a3 a6 14. Qf2 Qc7 15.
g4 e6 16. Rad1 Nd7 17. Be2 Rae8 18. Rd2 Ne7 19. Rfd1 Nc8 20. Bd4 Bxd4 21. Rxd4
Ndb6 22. Kh1 Rd8 23. Bf3 Ne7 24. f5 Nc6 25. R4d2 Nc4 26. Re2 N6e5 27. Rb1 Nxa3
28. bxa3 Qxc3 29. Re3 Qc7 30. Bg2 Rc8 31. Re2 f6 32. fxg6 hxg6 33. Qd4 Rf7 34.
Rf2 Qc5 35. Rd2 Qxd4 36. Rxd4 Rd7 37. Rbd1 Rc6 38. Bf1 Kf7 39. c4 Ke7 40. Kg2
Rb6 41. Be2 Rb3 42. Ra1 Rc7 43. h4 Rc3 44. h5 gxh5 45. gxh5 Rc8 46. Rb1 Rg8+
47. Kf2 b5 48. cxb5 axb5 49. Rxb5 Kd7 50. Rb6 Nc6 51. Ra4 Kc7 52. Rba6 Kb7 53.
Bb5 Rc2+ 54. Kf1 Rc1+ 55. Kf2 Rc2+ 1/2-1/2

[Event "Madrid ch - Previa A"]
[Site "Madrid ESP"]
[Date "2008.11.17"]
[Round "7.15"]
[White "Pardiñas Riaño, Emilio"]
[Black "Martin-Consuegra Barrilero, Francisco Javier"]
[Result "1-0"]
[WhiteElo "1852"]
[BlackElo "1893"]
[PlyCount "111"]
[EventDate "2008.11.03"]
[EventRounds "9"]
[EventCountry "ESP"]
[Source "lmi"]
[SourceDate "2008.11.03"]

1. e4 d5 2. exd5 Qxd5 3. Nc3 Qa5 4. d4 c6 5. Bd2 Bf5 6. Nf3 Nd7 7. Be2 Ngf6 8.
O-O e6 9. h3 h6 10. a3 Qc7 11. b4 a6 12. Be3 Nd5 13. Nxd5 cxd5 14. Bd3 Bxd3 15.
Qxd3 Rc8 16. Rfc1 Bd6 17. Nd2 Nb6 18. Qe2 O-O 19. c3 Nc4 20. Nxc4 Qxc4 21. Qb2
f5 22. f4 Qd3 23. Qd2 Qxd2 24. Bxd2 Rc4 25. Kf2 Kf7 26. Ke3 g5 27. g3 gxf4+ 28.
gxf4 Rg8 29. Rg1 Rcc8 30. Kd3 h5 31. Rg5 Rxg5 32. fxg5 Kg6 33. h4 f4 34. Ke2 e5
35. dxe5 Bxe5 36. Rc1 Rc4 37. Kf3 Kf5 38. a4 b5 39. a5 Rc6 40. Rd1 Bxc3 41.
Bxf4 d4 42. Bd2 Bxd2 43. Rxd2 Rc3+ 44. Kf2 Ke4 45. Re2+ Kd5 46. Re8 Rh3 47. g6
Rxh4 48. g7 Rf4+ 49. Ke1 Rg4 50. g8=Q+ Rxg8 51. Rxg8 Kc4 52. Rg6 Kxb4 53. Rxa6
h4 54. Ra8 Kc3 55. Rc8+ Kd3 56. a6 1-0

[Event "Madrid ch - Previa A"]
[Site "Madrid ESP"]
[Date "2008.11.17"]
[Round "7.16"]
[White "Rodriguez Bachiller, Luis"]
[Black "Garcia Lopez, Pedro"]
[Result "1-0"]
[WhiteElo "1892"]
[BlackElo "1839"]
[PlyCount "65"]
[EventDate "2008.11.03"]
[EventRounds "9"]
[EventCountry "ESP"]
[Source "lmi"]
[SourceDate "2008.11.03"]

1. e4 c5 2. Nf3 Nc6 3. Bb5 d6 4. d4 cxd4 5. Nxd4 Bd7 6. O-O a6 7. Ba4 Nf6 8.
Re1 b5 9. Bb3 Na5 10. e5 dxe5 11. Rxe5 Nxb3 12. axb3 e6 13. Nf5 g6 14. Nh6 Bg7
15. Qf3 Qc8 16. c3 Bc6 17. Qe2 Nd5 18. Re4 Ke7 19. Rh4 Qb7 20. Ng4 Nf6 21. Bg5
h5 22. Nxf6 Bxf6 23. Bxf6+ Kxf6 24. Rf4+ Ke7 25. f3 Qc7 26. Rd4 g5 27. Nd2 f5
28. Re1 Bd7 29. Nf1 Rae8 30. Ne3 Kf6 31. Qd3 Rd8 32. Rd6 Rh7 33. Nd5+ 1-0

[Event "Madrid ch - Previa A"]
[Site "Madrid ESP"]
[Date "2008.11.17"]
[Round "7.17"]
[White "Boni De Aristizabal, Marco"]
[Black "Marcelo De La Mata, Daniel"]
[Result "0-1"]
[WhiteElo "1934"]
[BlackElo "1507"]
[PlyCount "70"]
[EventDate "2008.11.03"]
[EventRounds "9"]
[EventCountry "ESP"]
[Source "lmi"]
[SourceDate "2008.11.03"]

1. e4 c6 2. d4 d5 3. e5 Bf5 4. Nc3 e6 5. g4 Bg6 6. Nge2 h6 7. Bg2 Nd7 8. Be3 c5
9. f4 cxd4 10. Nxd4 Ne7 11. O-O Nc6 12. Nce2 Nxd4 13. Nxd4 Bc5 14. c3 Bxd4 15.
Bxd4 Qc7 16. Qe2 O-O 17. f5 Bh7 18. Qe3 b6 19. f6 gxf6 20. exf6 Kh8 21. Qxh6
Rg8 22. g5 Rg6 23. Qh5 Qc4 24. Rf3 Qe2 25. Bf1 Qxb2 26. Rd1 Qc2 27. Rg3 Rag8
28. Bd3 Qxa2 29. Bxg6 Rxg6 30. Rh3 Nf8 31. Be5 Qa3 32. c4 Qc5+ 33. Kg2 d4 34.
Bxd4 Rxg5+ 35. Kf3 Qf5+ 0-1

[Event "Madrid ch - Previa A"]
[Site "Madrid ESP"]
[Date "2008.11.17"]
[Round "7.19"]
[White "Galan Aguado, Fernando"]
[Black "Arias De Reina Martinez, Francisco"]
[Result "0-1"]
[WhiteElo "1811"]
[BlackElo "1621"]
[PlyCount "78"]
[EventDate "2008.11.03"]
[EventRounds "9"]
[EventCountry "ESP"]
[Source "lmi"]
[SourceDate "2008.11.03"]

1. d4 Nf6 2. Nf3 g6 3. Bf4 Bg7 4. e3 d6 5. h3 O-O 6. Be2 Nbd7 7. O-O Re8 8.
Nbd2 c5 9. Rb1 cxd4 10. exd4 e5 11. dxe5 dxe5 12. Bh2 Nd5 13. Ne4 N7f6 14.
Nxf6+ Bxf6 15. Bc4 Nb6 16. Bb3 Be6 17. Bxe5 Bxe5 18. Nxe5 Bxb3 19. Nxg6 Qxd1
20. Rbxd1 Bxc2 21. Nf4 Bxd1 22. Rxd1 Rad8 23. Rc1 Re5 24. Rc3 Rf5 25. g3 Rd2
26. Rc7 Rxb2 27. Rxb7 Rxa2 28. h4 Nd5 29. Nd3 Nf6 30. Rb4 Rd5 31. Rb8+ Kg7 32.
Nf4 Rdd2 33. Nh3 Ng4 34. Kg2 Nxf2 35. Ng5 Ne4+ 36. Kf3 Nxg5+ 37. hxg5 Ra4 38.
Rb5 Rd3+ 39. Kg2 Raa3 0-1

[Event "Madrid ch - Previa A"]
[Site "Madrid ESP"]
[Date "2008.11.17"]
[Round "7.21"]
[White "Manzano Molina, Daniel"]
[Black "Rodriguez Lopez-Cañizares, Francisco"]
[Result "0-1"]
[WhiteElo "1608"]
[BlackElo "1692"]
[PlyCount "56"]
[EventDate "2008.11.03"]
[EventRounds "9"]
[EventCountry "ESP"]
[Source "lmi"]
[SourceDate "2008.11.03"]

1. d4 Nf6 2. c4 e5 3. d5 Bc5 4. Bg5 Bxf2+ 5. Kxf2 Ne4+ 6. Ke1 Qxg5 7. Nd2 Qh4+
8. g3 Nxg3 9. Ndf3 Qh5 10. hxg3 Qxh1 11. Nh3 d6 12. Nf2 Qh6 13. Qb3 Nd7 14. e4
Nc5 15. Qc3 Qg6 16. Nd2 O-O 17. Bg2 f5 18. b4 Na4 19. Qb3 Bd7 20. b5 Nc5 21.
Qc3 f4 22. Nf1 fxg3 23. Qxg3 Qxg3 24. Nxg3 Rf6 25. Ke2 Rg6 26. Kf3 Rf8+ 27. Nf5
Bxf5 28. exf5 Rxf5+ 0-1

[Event "Madrid ch - Previa A"]
[Site "Madrid ESP"]
[Date "2008.11.17"]
[Round "7.22"]
[White "Corredor Gonzalez, Angel L"]
[Black "Aburto Renovales, Rafael"]
[Result "1/2-1/2"]
[WhiteElo "1817"]
[BlackElo "1530"]
[PlyCount "166"]
[EventDate "2008.11.03"]
[EventRounds "9"]
[EventCountry "ESP"]
[Source "lmi"]
[SourceDate "2008.11.03"]

1. e4 c5 2. Nf3 d6 3. d4 cxd4 4. Nxd4 e5 5. Nb5 a6 6. N5a3 Nf6 7. Nc3 Nc6 8.
Bg5 Be7 9. Bxf6 Bxf6 10. Nc4 Nd4 11. Nd5 O-O 12. c3 Nb5 13. a4 Na7 14. Nxf6+
Qxf6 15. Qxd6 Qxd6 16. Nxd6 Nc6 17. Bc4 Rb8 18. O-O Bg4 19. f3 Bh5 20. Bd5 Rfd8
21. Nf5 Kf8 22. g4 Bg6 23. Nh4 Rd6 24. Rfd1 Rbd8 25. Bb3 Na5 26. Nxg6+ fxg6 27.
Rxd6 Rxd6 28. Bd5 Ke7 29. h4 h6 30. b4 Nc6 31. b5 Na5 32. Kf2 Rb6 33. c4 Nb3
34. Ra3 Nc5 35. a5 Rf6 36. Ke3 Rd6 37. Ra2 g5 38. hxg5 hxg5 39. Ra3 Rh6 40. Ra2
Rh1 41. Ra3 Re1+ 42. Kd2 Rh1 43. Kc3 Rh3 44. Kb4 Kd6 45. Bf7 Rh1 46. Be8 Rb1+
47. Kc3 Rf1 48. Kc2 Rf2+ 49. Kd1 Rb2 50. Kc1 Rh2 51. Rc3 Rh1+ 52. Kb2 Na4+ 53.
Kb3 Nxc3 54. Kxc3 Rh3 55. Kb4 Rxf3 56. c5+ Kc7 57. c6 axb5 58. cxb7 Kxb7 59.
Bxb5 Rf4 60. Kc5 Rf6 61. Bc4 Rf8 62. Kd6 Re8 63. Bb5 Rc8 64. Bd7 Rc7 65. Be6
Rc6+ 66. Kxe5 Ra6 67. Bd5+ Kc7 68. Kf5 Rxa5 69. Kxg5 Ra6 70. Kf5 Kd7 71. g5 Ke7
72. Bc4 g6+ 73. Ke5 Ra5+ 74. Kf4 Kd6 75. Bf7 Re5 76. Bxg6 Re7 77. Bf5 Rg7 78.
g6 Ke7 79. Kg5 Rg8 80. e5 Rg7 81. Kh6 Kf8 82. e6 Re7 83. Kg5 Kg7 1/2-1/2

[Event "Madrid ch - Previa A"]
[Site "Madrid ESP"]
[Date "2008.11.17"]
[Round "7.27"]
[White "Martinez Miura, Enrique"]
[Black "Zamora Pastora, Roger"]
[Result "1/2-1/2"]
[WhiteElo "1779"]
[BlackElo "1620"]
[PlyCount "26"]
[EventDate "2008.11.03"]
[EventRounds "9"]
[EventCountry "ESP"]
[Source "lmi"]
[SourceDate "2008.11.03"]

1. e4 e6 2. d4 d5 3. Nc3 Nf6 4. exd5 exd5 5. Bd3 Be7 6. Nge2 O-O 7. O-O c5 8.
dxc5 Bxc5 9. h3 h6 10. Re1 Re8 11. Ng3 Nc6 12. Bf4 Be6 13. Qd2 Bf8 1/2-1/2

[Event "Madrid ch - Previa A"]
[Site "Madrid ESP"]
[Date "2008.11.18"]
[Round "8.1"]
[White "Cortes Jurado, Rafael"]
[Black "Sanz Esteban, Eduardo"]
[Result "1-0"]
[WhiteElo "2054"]
[BlackElo "1891"]
[PlyCount "83"]
[EventDate "2008.11.03"]
[EventRounds "9"]
[EventCountry "ESP"]
[Source "lmi"]
[SourceDate "2008.11.03"]

1. e4 c5 2. Nf3 Nc6 3. d4 cxd4 4. Nxd4 Nf6 5. Nc3 e5 6. Ndb5 d6 7. Nd5 Nxd5 8.
exd5 Nb8 9. c4 Bf5 10. Bd3 Bxd3 11. Qxd3 a6 12. Nc3 Nd7 13. O-O Be7 14. f4 O-O
15. f5 Rc8 16. b3 Nc5 17. Qg3 Bh4 18. Qg4 Bf6 19. Ne4 Nxe4 20. Qxe4 b5 21. Be3
bxc4 22. bxc4 Bg5 23. Bxg5 Qxg5 24. f6 gxf6 25. Rf5 Qg6 26. Raf1 Kh8 27. Qh4
Rg8 28. g3 Rg7 29. Rxf6 Qg4 30. Qxg4 Rxg4 31. Rxd6 Rgxc4 32. Rxf7 Rc1+ 33. Kg2
R1c2+ 34. Kh3 Rxa2 35. Rdd7 h6 36. d6 Kg8 37. Rg7+ Kh8 38. Rc7 Rd8 39. Rge7 Rb2
40. d7 Rbb8 41. Rxe5 Ra8 42. Rec5 1-0

[Event "Madrid ch - Previa A"]
[Site "Madrid ESP"]
[Date "2008.11.18"]
[Round "8.2"]
[White "Tejedor Ariza, Francisco"]
[Black "Andalon Gomez, Carlos J"]
[Result "1-0"]
[WhiteElo "2031"]
[BlackElo "2012"]
[PlyCount "41"]
[EventDate "2008.11.03"]
[EventRounds "9"]
[EventCountry "ESP"]
[Source "lmi"]
[SourceDate "2008.11.03"]

1. e4 e6 2. d4 d5 3. Nc3 Bb4 4. e5 c5 5. a3 Bxc3+ 6. bxc3 Qc7 7. Nf3 Nc6 8. h4
Nge7 9. Bd3 cxd4 10. cxd4 Nxd4 11. Nxd4 Qc3+ 12. Qd2 Qxa1 13. c3 Bd7 14. Nb3
Qxc1+ 15. Nxc1 Rc8 16. Ne2 Nc6 17. Qg5 O-O 18. Rh3 h6 19. Qe3 f6 20. exf6 Rxf6
21. Rf3 1-0

[Event "Madrid ch - Previa A"]
[Site "Madrid ESP"]
[Date "2008.11.18"]
[Round "8.3"]
[White "Garcia Gutierrez, Jose"]
[Black "Martin Martin, Luis Vicente"]
[Result "0-1"]
[WhiteElo "2059"]
[BlackElo "2085"]
[PlyCount "108"]
[EventDate "2008.11.03"]
[EventRounds "9"]
[EventCountry "ESP"]
[Source "lmi"]
[SourceDate "2008.11.03"]

1. e4 e6 2. d4 d5 3. Nd2 Nf6 4. e5 Nfd7 5. f4 c5 6. c3 Nc6 7. Ndf3 Qa5 8. Be3
b5 9. dxc5 b4 10. Nd4 Qxc5 11. Qa4 Bb7 12. Bb5 Rc8 13. Nc2 d4 14. Nxd4 bxc3 15.
Nc2 Qd5 16. Nf3 cxb2 17. Rb1 Bc5 18. O-O Bxe3+ 19. Nxe3 Qc5 20. Rfe1 O-O 21.
Rxb2 Nb6 22. Qc2 Nd4 23. Nxd4 Qxd4 24. Qf2 Rc5 25. Rd1 Qe4 26. Bd3 Qc6 27. Qh4
h6 28. Qg3 Rc1 29. Rb1 Rxd1+ 30. Rxd1 Qa4 31. Rf1 Qd4 32. Rd1 Qa4 33. Rf1 Rd8
34. Bb1 Qd4 35. Kh1 Ba6 36. Re1 Qc3 37. f5 exf5 38. Nxf5 Qxg3 39. Nxg3 Nc4 40.
Kg1 Nxe5 41. Rxe5 Rd1+ 42. Kf2 Rxb1 43. Ra5 Rb2+ 44. Ke3 Bc4 45. a4 Rb7 46. Ne4
Re7 47. Kd4 Bb3 48. g3 Bc2 49. Nc3 f5 50. Ra6 Kf7 51. a5 Rd7+ 52. Ke5 Bd3 53.
Rc6 a6 54. Na4 Bb5 0-1

[Event "Madrid ch - Previa A"]
[Site "Madrid ESP"]
[Date "2008.11.18"]
[Round "8.4"]
[White "Martin Mazuelo, Miguel Angel"]
[Black "Gabriel y Galan Acevedo, Jesus"]
[Result "1/2-1/2"]
[WhiteElo "1984"]
[BlackElo "2033"]
[PlyCount "61"]
[EventDate "2008.11.03"]
[EventRounds "9"]
[EventCountry "ESP"]
[Source "lmi"]
[SourceDate "2008.11.03"]

1. e4 e6 2. d4 d5 3. exd5 exd5 4. c4 Nf6 5. Nc3 Be6 6. cxd5 Nxd5 7. Nf3 Be7 8.
Bd3 Nd7 9. Ne4 Bb4+ 10. Bd2 h6 11. a3 Bxd2+ 12. Qxd2 N7f6 13. Nc5 Qc8 14. O-O
O-O 15. Nxe6 Qxe6 16. Rfe1 Qd6 17. Ne5 Rad8 18. Rad1 a6 19. Nc4 Qf4 20. Qxf4
Nxf4 21. Bf1 c6 22. Re7 b5 23. Ne3 N4d5 24. Nxd5 Nxd5 25. Ra7 Ra8 26. Rxa8 Rxa8
27. Rc1 Ne7 28. g3 Rd8 29. Bg2 Rxd4 30. Bxc6 Rd2 31. Bb7 1/2-1/2

[Event "Madrid ch - Previa A"]
[Site "Madrid ESP"]
[Date "2008.11.18"]
[Round "8.5"]
[White "Cano Mercado, Francisco Manuel"]
[Black "Perez Cameselle, Francisco Jose"]
[Result "0-1"]
[WhiteElo "1891"]
[BlackElo "2010"]
[PlyCount "88"]
[EventDate "2008.11.03"]
[EventRounds "9"]
[EventCountry "ESP"]
[Source "lmi"]
[SourceDate "2008.11.03"]

1. Nf3 Nf6 2. c4 g6 3. g3 Bg7 4. Bg2 O-O 5. O-O d6 6. Nc3 e5 7. d3 Nbd7 8. Qc2
c6 9. e4 Nh5 10. Bg5 f6 11. Be3 f5 12. Bg5 Ndf6 13. exf5 gxf5 14. Nd2 Be6 15.
Rae1 Qc7 16. Qd1 Rae8 17. Bf3 Qf7 18. Bg2 Qg6 19. Be3 a6 20. Bb6 Qf7 21. Bf3
Bh6 22. c5 Bxd2 23. Qxd2 f4 24. cxd6 Bh3 25. Ne4 Bxf1 26. Nxf6+ Nxf6 27. Rxf1
Nd5 28. Bc5 Re6 29. Qe2 fxg3 30. fxg3 Qg7 31. d7 Ne7 32. Bb6 Rd6 33. d8=Q Rdxd8
34. Bxd8 Rxd8 35. Be4 Rf8 36. Rf2 Nd5 37. Qf1 Ne3 38. Bxh7+ Kxh7 39. Qh3+ Kg6
40. Qe6+ Rf6 41. Qe8+ Qf7 42. Rxf6+ Kxf6 43. Qh8+ Kg6 44. Qh3 Qf5 0-1

[Event "Madrid ch - Previa A"]
[Site "Madrid ESP"]
[Date "2008.11.18"]
[Round "8.6"]
[White "Montero Garcia, Francisco Javier"]
[Black "Fernandez Aransay, Fernando"]
[Result "1/2-1/2"]
[WhiteElo "1887"]
[BlackElo "1958"]
[PlyCount "62"]
[EventDate "2008.11.03"]
[EventRounds "9"]
[EventCountry "ESP"]
[Source "lmi"]
[SourceDate "2008.11.03"]

1. e4 c6 2. d4 d5 3. exd5 cxd5 4. c4 Nf6 5. Nc3 Nc6 6. Nf3 Bg4 7. cxd5 Nxd5 8.
Qb3 Bxf3 9. gxf3 Nb6 10. d5 Nd4 11. Qd1 Nf5 12. Bb5+ Nd7 13. Bf4 a6 14. Bd3 Nd6
15. Qe2 Qb6 16. Rc1 g6 17. Kf1 Bg7 18. Na4 Qb4 19. Qe3 O-O 20. Nc3 Rfe8 21. h4
Qd4 22. Qxd4 Bxd4 23. h5 Rac8 24. hxg6 fxg6 25. Kg2 Rf8 26. Be3 Bg7 27. Ne4
Rxc1 28. Rxc1 Nf6 29. Nxd6 exd6 30. Rc7 Rf7 31. Rc8+ Rf8 1/2-1/2

[Event "Madrid ch - Previa A"]
[Site "Madrid ESP"]
[Date "2008.11.18"]
[Round "8.7"]
[White "Del Castillo Lopez, Rafael"]
[Black "Pardo Robles, Jose M"]
[Result "0-1"]
[WhiteElo "1815"]
[BlackElo "1941"]
[PlyCount "138"]
[EventDate "2008.11.03"]
[EventRounds "9"]
[EventCountry "ESP"]
[Source "lmi"]
[SourceDate "2008.11.03"]

1. Nf3 Nf6 2. g3 g6 3. Bg2 Bg7 4. O-O O-O 5. c4 d6 6. d4 a6 7. Nc3 Nc6 8. Bd2
e5 9. d5 Nd4 10. e4 Bg4 11. h3 Nxf3+ 12. Bxf3 Bxh3 13. Bg2 Qd7 14. f3 Nh5 15.
Kh2 Bxg2 16. Kxg2 f5 17. Qe2 f4 18. Be1 Nxg3 19. Bxg3 fxg3 20. Rh1 Rf7 21. Rh3
Qe7 22. Rxg3 Bh6 23. Rh1 Bf4 24. Rg4 Rg7 25. Kf2 h5 26. Rg2 Rf8 27. Qd3 Qf6 28.
Ne2 Bg5 29. Ng1 Rgf7 30. Rh3 Kh7 31. b3 Bh6 32. Ne2 h4 33. Ng1 Rg7 34. Rg4 g5
35. Ke2 Qe7 36. Kd2 Qd7 37. Qe2 Rf4 38. Qg2 c6 39. Ne2 Rxg4 40. Qxg4 cxd5 41.
cxd5 Rf7 42. Kc2 a5 43. Qxd7 Rxd7 44. Rh2 Rf7 45. Ng1 Kg6 46. Kd3 b5 47. Rc2
Bf8 48. Rc6 Kh5 49. a4 bxa4 50. bxa4 g4 51. fxg4+ Kxg4 52. Rc2 h3 53. Nxh3 Kxh3
54. Rc6 Rf3+ 55. Kc4 Re3 56. Kb5 Rxe4 57. Kxa5 Rd4 58. Kb6 Rxa4 59. Rc8 Be7 60.
Re8 Bg5 61. Kc7 Ra6 62. Re6 Kg3 63. Kb7 Ra5 64. Rxd6 e4 65. Re6 Kf3 66. d6 e3
67. d7 e2 68. Re8 Rf5 69. Kc8 Kf2 0-1

[Event "Madrid ch - Previa A"]
[Site "Madrid ESP"]
[Date "2008.11.18"]
[Round "8.9"]
[White "Garcia Gonzalez, Pedro"]
[Black "Lopez Heras, Arturo"]
[Result "1-0"]
[WhiteElo "1919"]
[BlackElo "1988"]
[PlyCount "137"]
[EventDate "2008.11.03"]
[EventRounds "9"]
[EventCountry "ESP"]
[Source "lmi"]
[SourceDate "2008.11.03"]

1. d4 Nf6 2. Nf3 c5 3. e3 cxd4 4. exd4 g6 5. b3 Bg7 6. Bb2 O-O 7. Be2 d6 8. O-O
Nc6 9. Nbd2 Bf5 10. a3 Rc8 11. c4 Ne4 12. Nxe4 Bxe4 13. b4 Qc7 14. Qd2 Rfe8 15.
Rac1 e6 16. Rfd1 Qe7 17. b5 Nb8 18. a4 b6 19. Ba3 Red8 20. Qf4 Bb7 21. Rc2 h6
22. h4 Kh7 23. g3 Rd7 24. Ne5 dxe5 25. Qc1 Qd8 26. c5 bxc5 27. dxc5 Rxd1+ 28.
Bxd1 Qd5 29. c6 Nxc6 30. Rc5 Qe4 31. Bc2 Qf3 32. Bd1 Qe4 33. Bc2 Qd4 34. bxc6
Ba6 35. h5 Bf8 36. hxg6+ fxg6 37. c7 e4 38. Rc6 Bb7 39. Rxe6 Bxa3 40. Qxa3 Rxc7
41. Qf8 Rg7 42. Qe8 Bd5 43. Re7 h5 44. Rxg7+ Qxg7 45. Bxe4 Bf7 46. Qd7 Bb3 47.
Qxg7+ Kxg7 48. Bc6 a5 49. Kf1 Kf6 50. Ke2 Ke5 51. Kd3 Be6 52. Be8 Bf5+ 53. Kc4
Kd6 54. Kb5 Kc7 55. Kxa5 Bd3 56. Kb4 Kb6 57. Kc3 Bf5 58. Kd4 Bc2 59. Ke5 Ka5
60. Kf6 Kb6 61. Bxg6 Bxa4 62. Bxh5 Kc5 63. Be2 Kd4 64. g4 Kc3 65. f4 Kd2 66.
Bc4 Ke3 67. f5 Kf4 68. g5 Bc2 69. Be6 1-0

[Event "Madrid ch - Previa A"]
[Site "Madrid ESP"]
[Date "2008.11.18"]
[Round "8.10"]
[White "Beekhof Harmsen, Willen"]
[Black "Rodriguez Bachiller, Luis"]
[Result "0-1"]
[WhiteElo "1958"]
[BlackElo "1892"]
[PlyCount "162"]
[EventDate "2008.11.03"]
[EventRounds "9"]
[EventCountry "ESP"]
[Source "lmi"]
[SourceDate "2008.11.03"]

1. d4 Nf6 2. Nf3 d6 3. Nbd2 g6 4. e4 Bg7 5. a3 O-O 6. Bd3 b6 7. O-O Nbd7 8. Re1
e5 9. d5 Nc5 10. Bf1 Bd7 11. b4 Na4 12. Re3 a5 13. b5 Ng4 14. c4 Nxe3 15. Qxa4
Nxf1 16. Nxf1 f5 17. N3d2 Qh4 18. Qb3 fxe4 19. Qg3 Qxg3 20. Nxg3 e3 21. fxe3
Bh6 22. Nde4 Rf7 23. Bd2 Raf8 24. Re1 Bf5 25. Bc1 Bxe4 26. Nxe4 Rf5 27. Ng3 Rf2
28. Re2 Rxe2 29. Nxe2 Kf7 30. Ng3 Kf6 31. Kf2 Kg5+ 32. Ke2 Kg4 33. Bd2 Bg5 34.
Be1 Be7 35. h3+ Kg5 36. Ne4+ Kf5 37. Ng3+ Kf6 38. Ne4+ Kg7 39. g4 h6 40. h4 Kf7
41. Bg3 Kg7 42. Be1 h5 43. g5 a4 44. Bg3 Rf5 45. Be1 Kf7 46. Bf2 Ke8 47. Nc3
Bxg5 48. hxg5 Rxg5 49. Ne4 Rf5 50. Bh4 Kf7 51. Ng5+ Ke8 52. Ne6 Kd7 53. Bg5 Rf7
54. Bh6 Kc8 55. Bg5 Rh7 56. Bh4 Rh8 57. Bf6 Rg8 58. Kf3 Kb7 59. Kg3 Kc8 60. Kh4
Kd7 61. Kg5 Ke8 62. Bd8 Kd7 63. Bf6 Ke8 64. Bg7 Kf7 65. Kh6 Rxg7 66. Nxg7 h4
67. Ne6 Kf6 68. Ng5 Kf5 69. e4+ Kf4 70. Kxg6 h3 71. Nxh3+ Kxe4 72. Ng5+ Kd4 73.
Ne6+ Kxc4 74. Nxc7 e4 75. Kf5 e3 76. Ke6 e2 77. Kxd6 e1=Q 78. Kc6 Qe3 79. d6
Qc5+ 80. Kd7 Qxa3 81. Ke7 Qc5 0-1

[Event "Madrid ch - Previa A"]
[Site "Madrid ESP"]
[Date "2008.11.18"]
[Round "8.11"]
[White "Diaz Begonte, Manuel"]
[Black "Pardiñas Riaño, Emilio"]
[Result "0-1"]
[WhiteElo "1875"]
[BlackElo "1852"]
[PlyCount "82"]
[EventDate "2008.11.03"]
[EventRounds "9"]
[EventCountry "ESP"]
[Source "lmi"]
[SourceDate "2008.11.03"]

1. e4 e5 2. d4 exd4 3. f4 d6 4. Nf3 Nf6 5. Bd3 Be7 6. O-O O-O 7. Nxd4 Bd7 8.
Nc3 Nc6 9. Nf5 Bxf5 10. exf5 d5 11. Qe1 Bc5+ 12. Kh1 Re8 13. Qg3 a6 14. a3 Qd7
15. Qf3 Re7 16. Bd2 Rae8 17. Rae1 Ne4 18. Bxe4 dxe4 19. Qd1 Qxf5 20. Be3 Rd8
21. Qc1 Bxe3 22. Rxe3 h6 23. h3 h5 24. Rg3 f6 25. Qe3 Kh7 26. Rd1 Rxd1+ 27.
Nxd1 Qb5 28. Qf2 Qd5 29. Ne3 Qd4 30. f5 Ne5 31. Qe2 Kh6 32. c3 Qd3 33. Ng4+
hxg4 34. Rxd3 exd3 35. Qd2+ Kh7 36. Kh2 gxh3 37. Kxh3 Rd7 38. Kg3 Nc4 39. Qd1
Kg8 40. Qh5 Rd8 41. Qd1 d2 0-1